00579cam a2200145 450000500170000000800410001705000250005810000300008324501130011326000090022630000190023549000640025465000530031865000620037120151005130403.0151005b mx ||||| |||| 00| 0 spa d04aBX3212 .A1bV53 19911 aVictoria Moreno, Dionisio14aLos Carmelitas descalzos en la evangelización fundante de México, 1521-1590 /cDionisio Victoria Moreno.xic1991 a8 p. ;c22 cm. aPioneros de la evangelización de México ;v fasciculo 6 72LEMBaCarmelitas descalzos en MéxicoxHistoria 72LEMBaIglesia católica en MéxicoxMisionesySiglo XVI